000 00838nam a22002177a 4500
999 _c74220
_d74220
005 20190307121711.0
010 _aB-497828-829 ENG-110420
020 _a9788192083605
_c495.00
035 _aB-497828-829
035 _aEN-93952
037 _bStar Pub/Ven
037 _bDBAD/PUB
082 _a954.01003
100 _aDowson, John
245 _aA classical dictionary of India :
_bgeography, history, literature, Sanskrit, religion and mythology /
_cby John Dowson
260 _aJaipur
_bSankalp Prakashan
_c2011
270 _aBadayon ka Chowk, Govindrao Ji ka Rasta Chandpole Bazar
_bJaipur
_e302001
300 _axviii, 411p.
_c22cm(pbk)
942 _2ddc
_cEN
_mDOW
_h954.01003